ARRUPE JESUIT UNIVERSITY

CORONAVIRUS -STOP THE SPREAD - CLEAN,DISINFECT,COVER

History of traditional music of Kenya. (Record no. 124517)

MARC details
000 -LEADER
fixed length control field 01016cam a2200277 a 4500
001 - CONTROL NUMBER
control field 1995467
003 - CONTROL NUMBER IDENTIFIER
control field ARRUPE
005 - DATE AND TIME OF LATEST TRANSACTION
control field 20160407103918.0
008 - FIXED-LENGTH DATA ELEMENTS--GENERAL INFORMATION
fixed length control field 891206m19879999ke a j 000 0 eng
010 ## - LIBRARY OF CONGRESS CONTROL NUMBER
LC control number 89981149
020 ## - INTERNATIONAL STANDARD BOOK NUMBER
International Standard Book Number 9966858121
040 ## - CATALOGING SOURCE
Original cataloging agency DLC
Transcribing agency DLC
043 ## - GEOGRAPHIC AREA CODE
Geographic area code f-ke---
050 00 - LIBRARY OF CONGRESS CALL NUMBER
Classification number ML3760
Item number .H59 1987
082 00 - DEWEY DECIMAL CLASSIFICATION NUMBER
Classification number 781.62/0096762
Edition number 20
300 ## - PHYSICAL DESCRIPTION
Other physical details ill. ;
Dimensions 21cm.
245 00 - TITLE STATEMENT
Title History of traditional music of Kenya.
Remainder of title musicians and their instruments
260 ## - PUBLICATION, DISTRIBUTION, ETC. (IMPRINT)
Place of publication, distribution, etc Nairobi :
Name of publisher, distributor, etc Jenisik Cultural Books Ltd.,
Date of publication, distribution, etc 1987-
300 ## - PHYSICAL DESCRIPTION
Extent Vol. 1; 59p.;
505 1# - FORMATTED CONTENTS NOTE
Formatted contents note v. 1. Musicians and their instruments : pupils' book.
650 #0 - SUBJECT ADDED ENTRY--TOPICAL TERM
Topical term or geographic name as entry element Folk music
Geographic subdivision Kenya
General subdivision History and criticism
-- Juvenile literature.
9 (RLIN) 23496
650 #0 - SUBJECT ADDED ENTRY--TOPICAL TERM
Topical term or geographic name as entry element Musicians
Geographic subdivision Kenya
General subdivision Biography
-- Juvenile literature.
9 (RLIN) 23497
650 #0 - SUBJECT ADDED ENTRY--TOPICAL TERM
Topical term or geographic name as entry element Musical instruments
Geographic subdivision Kenya.
9 (RLIN) 23498
906 ## - LOCAL DATA ELEMENT F, LDF (RLIN)
a 7
b cbc
c orignew
d 3
e ncip
f 19
g y-gencatlg
942 ## - ADDED ENTRY ELEMENTS (KOHA)
Source of classification or shelving scheme Library of Congress Classification
Koha item type Monograph ( Printed materials)
Holdings
Withdrawn status Lost status Source of classification or shelving scheme Damaged status Not for loan Collection code Home library Current library Shelving location Date acquired Total Checkouts Full call number Barcode Date last seen Price effective from Koha item type
    Library of Congress Classification     Main Collection ARRUPE LIBRARY ARRUPE LIBRARY Main Collection 31/03/2016   ML3760.H59 1987 46500007104 03/07/2018 31/03/2016 Monograph ( Printed materials)

 

Arrupe Library. PO Box MP320 Mt Pleasant, Harare, Zimbabwe
263 242 745411|librarian@aju.ac.zw